000 00382nam a2200157Ia 4500
008 230524s9999 xx 000 0 und d
082 _a621.382
_bMAI
100 _aA.K.Maini
245 0 _aElectronics and Communication Simplified
250 _a9TH
260 _aNEW DELHI
_bKhanna
_c2003
300 _a1128
500 _aQuantity Number: 1
650 _aElectronics
942 _cBK
999 _c9990
_d9990